000 00926cam a22002658i 4500
001 22799164
005 20250210171321.0
008 220922s2022 enk b 001 0 eng
010 _a 2022045958
020 _a9781009245692
020 _a9781009245692
037 _cLCT
040 _aLCT
_beng
_cLCT
084 _aZ1:(X65) R3
100 1 _aCollins, David
_9734991
245 1 3 _aIntroduction to international investment law/
250 _aSecond Edition.
260 _aNew York, NY :
_bCambridge University Press,
_c2023
300 _a375p.
504 _aIncludes bibliographical references and index.
650 0 _aInvestments, Foreign
_xLaw and legislation.
_9734992
650 0 _aInvestments, Foreign (International law)
_9734993
776 0 8 _aCollins, David.
_tIntroduction to international investment law.
_bSecond Edition.
_z9781009245715
942 _2CC
_cTB
_hZ1:(X65) R3
_n0
999 _c1238389
_d1238389